000 01447nam a22003378i 4500
001 019463511
003 EG-ScBUE
005 20220221123004.0
008 190701s2018 njua f b 001 0 eng d
020 _a9781119586081 (pbk.)
040 _aStDuBDS
_beng
_erda
_cStDuBDS
_dEG-ScBUE
082 0 4 _a658.404
_222
_bMER
100 1 _aMeredith, Jack R.,
_eauthor.
245 1 0 _aProject management :
_ba strategic managerial approach /
_cJack R. Meredith, broyhill distinguished scholar and chair in operations, emeritus, Wake Forest University, Scott M. Shafer, associate dean and professor of management, Wake Forest University, Samuel J. Mantel, Jr. (deceased), previously the Joseph S. Stern professor emeritus of operations management, University of Cincinnati.
250 _aTenth edition.
250 _aEMEA edition.
264 1 _aHoboken, New Jersey :
_bJohn Wiley & Sons, Inc.,
_c2018.
300 _axii, 520 pages :
_billustrations (black and white) ;
_c26 cm
336 _atext
_2rdacontent
_btxt
336 _astill image
_2rdacontent
_btxt
337 _aunmediated
_2rdamedia
_bn
338 _avolume
_2rdacarrier
_bnc
504 _aIncludes bibliographical references and index.
650 7 _aProject management.
_2BUEsh
_939826
653 _bBUSADM
_cFebruary2022
655 _vReading book
_934232
700 1 _aShafer, Scott M.,
_eauthor.
700 1 0 _aMantel, Samuel J.,
_eauthor.
942 _2ddc
_cBB
999 _c29802
_d29773